000 00670nam a2200217Ia 4500
003 IN-BaIIA
008 211028s9999 xx s 000 0 eng d
020 _a978-1-107101-92-0 (Print)
020 _a978-1-316182-27-7 (Online)
040 _cIIA Library
100 _aMazur, Barry
_938087
245 0 _aPrime Numbers and the Riemann Hypothesis
_h[eBook]
250 _a1st ed.
260 _aCambridge
_bCambridge University Press
_c2016
300 _aOnline resource
650 _aMathematics
_982
650 _aNumber Theory
_94966
700 _aStein, William
_938088
856 _uhttps://doi.org/10.1017/CBO9781316182277
_yClick Here to Access eBook
942 _cEB
999 _c20580
_d20580